000
00314nam a2200133Ia 4500
008
201214s9999 xx 000 0 und d
100
_a
Deaton, Angus
245
0
_a
Economics and consumer behaviour
260
_a
Cambridge
260
_b
Cambridge University Press
260
_c
1982
300
_a
450
942
_c
BK
999
_c
6008
_d
6008